Thực trạng ô nhiễm môi trường trên địa bàn huyện Lâm Thao. Một số giải pháp cải thiện và giảm thiểu ô nhiễm môi trường

Một số vấn đề lí luận cơ bản về môi trường. Thực trạng về ô nhiễm môi trường ở huyện Lâm Thao. Các giải pháp nhằm cải thiện ô nhiễm môi trường ở huyện Lâm Thao...

Gespeichert in:
Bibliographische Detailangaben
1. Verfasser: Đỗ. Mệnh Trường Ngân (Tác giả)
Weitere Verfasser: Đậu Thị Hòa TS. (Người hướng dẫn)
Format: Buch
Sprache:Vietnamese
Veröffentlicht: Đà Nẵng ĐH Sư Phạm 2010
Schriftenreihe:Khóa luận tốt nghiệp. Chuyên ngành: Cử nhân Địa lí
Schlagworte:
Tags: Tag hinzufügen
Keine Tags, Fügen Sie den ersten Tag hinzu!
Thư viện lưu trữ: Mạng thư viện Đại học Đà Nẵng
LEADER 01573nam a2200349 4500
001 000011213
003 7447
005 20120202150213.0
008 120202s2010 viesd
041 |a vie 
072 |a Khóa luận tốt nghiệp 
082 |a 363.739  |b DO-N 
100 |a Đỗ. Mệnh Trường Ngân  |e Tác giả 
245 |a Thực trạng ô nhiễm môi trường trên địa bàn huyện Lâm Thao. Một số giải pháp cải thiện và giảm thiểu ô nhiễm môi trường  |c Đỗ. Mệnh Trường Ngân 
260 |a Đà Nẵng  |b ĐH Sư Phạm  |c 2010 
300 |a 64 tr  |c 29 cm 
490 |a Khóa luận tốt nghiệp. Chuyên ngành: Cử nhân Địa lí 
500 |a Khoa Địa lí 
520 |a Một số vấn đề lí luận cơ bản về môi trường. Thực trạng về ô nhiễm môi trường ở huyện Lâm Thao. Các giải pháp nhằm cải thiện ô nhiễm môi trường ở huyện Lâm Thao... 
653 |a Ô nhiễm môi trường 
653 |a Lâm Thao 
700 |a Đậu Thị Hòa  |c TS.  |e Người hướng dẫn 
OWN |a LSP 
AVA |a UDN50  |b LSP  |d 363.739 DO-N  |e available  |t Error 5001 Not defined in file expand_doc_bib_avail.  |f 1  |g 0  |h N  |i 0  |k 1 
999 |a From the UDN01 
AVA |a UDN50  |b LSP  |d 363.739 DO-N  |e available  |t Error 5001 Not defined in file expand_doc_bib_avail.  |f 1  |g 0  |h N  |i 0  |k 1 
TYP |a Monograph 
TYP |a Printed language 
980 |a Mạng thư viện Đại học Đà Nẵng